Estadística del movimiento de viajeros en establecimientos turísticos (Record no. 83304)

MARC details
000 -LEADER
campo de control de longitud fija 00631nam a2200169 i 4500
001 - NÚMERO DE CONTROL
campo de control 83304
003 - IDENTIFICADOR DE NÚMERO DE CONTROL
campo de control ES-MaACL
005 - FECHA Y HORA DE LA ÚLTIMA TRANSACCIÓN
campo de control 20230906174816.0
007 - CAMPO FIJO DE DESCRIPCIÓN FÍSICA--INFORMACIÓN GENERAL
campo de control de longitud fija t|
008 - DATOS DE LONGITUD FIJA--INFORMACIÓN GENERAL
campo de control de longitud fija 041115s1976 sp ||||1| spa d
245 00 - MENCIÓN DEL TÍTULO
Título Estadística del movimiento de viajeros en establecimientos turísticos
Resto del título : meses de julio, agosto y septiembre 1975 y resumen trimestral /
Mención de responsabilidad, etc. Instituto Nacional de Estadística.
260 ## - PUBLICACIÓN, DISTRIBUCIÓN, ETC.
Lugar de publicación, distribución, etc. [Madrid :
Nombre del editor, distribuidor, etc. s.n.,
Fecha de publicación, distribución, etc. 1976]
300 ## - DESCRIPCIÓN FÍSICA
Extensión VI, 88 p. ;
Dimensiones 27 cm.
650 04 - PUNTO DE ACCESO ADICIONAL DE MATERIA--TÉRMINO DE MATERIA
Término de materia o nombre geográfico como elemento de entrada Turismo-
Subdivisión geográfica España-
Subdivisión de forma Estadísticas.
9 (RLIN) 17669
710 2# - ENTRADA AGREGADA--NOMBRE DE ENTIDAD CORPORATIVA
Nombre de entidad corporativa o nombre de jurisdicción como elemento de entrada Instituto Nacional de Estadística (España)
9 (RLIN) 5162
852 ## - LOCALIZACIÓN
Ubicación ES-MaACL
Número de control de estantería E-9865
Sublocalización o colección R.94397
Holdings
Estatus retirado Estado de pérdida Estado de daño No para préstamo Biblioteca de origen Biblioteca actual Ubicación en estantería Fecha de adquisición Fuente de adquisición Total de préstamos Signatura topográfica completa Código de barras Visto por última vez Precio de reemplazo Tipo de ítem Koha
        Biblioteca del Ateneo de Madrid Biblioteca del Ateneo de Madrid Depósito 2 17/01/2008     E-9865 1087068 23/02/2023 23/02/2023 Libro impreso